[Event "Titled Tue 27th May Early"]
[Site "chess.com INT"]
[Date "2025.05.27"]
[Round "4"]
[White "Karas, Marek"]
[Black "Akobian, Varuzhan"]
[Result "1-0"]
[WhiteTitle "FM"]
[BlackTitle "GM"]
[WhiteElo "2200"]
[BlackElo "2564"]
[WhiteFideId "14928558"]
[BlackFideId "13300580"]
[EventDate "2025.05.27"]

1. d4 e6 2. Nf3 Nf6 3. c4 b6 4. g3 Bb7 5. Bg2 Bb4+ 6. Bd2 Bxd2+ 7. Qxd2 d6 8.
Nc3 Nbd7 9. O-O O-O 10. Qc2 Qe7 11. Rad1 h6 12. Rfe1 e5 13. dxe5 Nxe5 14. Nxe5
Bxg2 15. Ng6 fxg6 16. Kxg2 Qf7 17. f3 Qxc4 18. Qxg6 Rae8 19. Qd3 Qxd3 20. Rxd3
Re5 21. e4 Rfe8 22. Rc1 R8e7 23. Rc2 Rc5 24. Rdd2 a5 25. Ne2 Rxc2 26. Rxc2 d5
27. exd5 Nxd5 28. Rd2 Ne3+ 29. Kf2 Nc4 30. Rc2 Nd6 31. Nd4 Kf7 32. f4 Ne4+ 33.
Kg2 Nc5 34. Nf3 Re4 35. Ne5+ Ke6 36. Kf3 Re1 37. Re2 Rxe2 38. Kxe2 Na4 39. Nd3
Kd5 40. Ke3 b5 41. g4 c5 42. b3 Nc3 43. Nc1 c4 44. bxc4+ Kxc4 45. g5 hxg5 46.
fxg5 g6 47. h4 b4 48. h5 gxh5 49. g6 Nd5+ 50. Kf3 a4 51. g7 Nf6 52. Kf4 Ng8 53.
Kg5 Kc3 54. Kxh5 Kc2 55. Ne2 Kb2 56. Kg6 Kxa2 57. Kf7 Nh6+ 58. Kg6 Ng8 59. Kf7
a3 60. Kxg8 Kb2 61. Kf8 a2 62. g8=Q a1=Q 63. Qg7+ Kb1 64. Qg1+ Ka2 65. Qa7+ Kb1
66. Qg1+ Kb2 67. Qe3 b3 68. Qc3+ Ka2 69. Qa5+ Kb1 70. Qe1+ Kb2 71. Qc3+ Ka2 72.
Qa5+ Kb1 73. Qf5+ Ka2 74. Qe6 Qf1+ 75. Ke7 1-0

[Event "Titled Tue 27th May Early"]
[Site "chess.com INT"]
[Date "2025.05.27"]
[Round "4"]
[White "Manukian, Artak"]
[Black "Schracke, Guido"]
[Result "1-0"]
[BlackTitle "CM"]
[WhiteElo "2104"]
[BlackElo "2138"]
[WhiteFideId "13301373"]
[BlackFideId "4637054"]
[EventDate "2025.05.27"]

1. e4 c5 2. Nf3 Nc6 3. c3 d5 4. exd5 Qxd5 5. d4 e5 6. dxe5 Qxd1+ 7. Kxd1 Bg4 8.
Bf4 O-O-O+ 9. Nd2 Nge7 10. Kc1 h6 11. h3 Be6 12. Bb5 g5 13. Bh2 Bg7 14. Ne4 Ng6
15. Nxc5 Bd5 16. Bxc6 Bxc6 17. Re1 Rhe8 18. Kc2 Rd5 19. Nd3 Red8 20. Rad1 Ra5
21. Nb4 Rxd1 22. Rxd1 Be4+ 23. Kc1 Bxf3 24. gxf3 Nxe5 25. Bxe5 Bxe5 26. Rd5 Bf4+
27. Kc2 Rxd5 28. Nxd5 Be5 29. Kd3 Kd7 30. Ke4 Ke6 31. Ne3 Bd6 32. Nf5 Bf8 33. c4
a5 34. b3 b6 35. f4 f6 36. Nd4+ Kf7 37. fxg5 hxg5 38. f4 Bc5 39. Nb5 Kg6 40. Nc7
f5+ 41. Kf3 gxf4 42. Ne6 Bd6 43. Nxf4+ Kg5 44. Ng2 Be5 45. Ne3 Bd4 46. Nd5 Bc5
47. Nc7 Bd6 48. Ne6+ Kh4 49. Nd4 Kg5 50. h4+ Kf6 51. a4 Bc5 52. Nc6 Kg6 53. Kg3
Bd6+ 54. Kh3 Kh5 55. Nd4 Kg6 56. h5+ Kg5 57. h6 Bf8 58. h7 Bg7 59. Ne6+ Kh6 60.
Nxg7 Kxg7 61. Kg3 Kxh7 62. Kf4 Kg6 63. b4 axb4 64. c5 b3 65. c6 b2 66. c7 b1=Q
67. c8=Q Qf1+ 68. Kg3 Qg1+ 69. Kf3 Qh1+ 70. Ke3 Qe4+ 71. Kf2 Qf4+ 72. Ke2 Qxa4
73. Qe6+ Kg5 74. Qxb6 Qe4+ 75. Kf2 Qf4+ 76. Ke2 Kh4 77. Qd8+ Kg3 78. Qd3+ Kh2
79. Qd8 Qg4+ 80. Kf2 Qg3+ 81. Ke2 1-0

[Event "Titled Tue 27th May Early"]
[Site "chess.com INT"]
[Date "2025.05.27"]
[Round "4"]
[White "Medhus, Vitus Bondo"]
[Black "Korchynskyi, Mykola"]
[Result "0-1"]
[WhiteTitle "FM"]
[BlackTitle "FM"]
[WhiteElo "2384"]
[BlackElo "2325"]
[WhiteFideId "1462547"]
[BlackFideId "34138005"]
[EventDate "2025.05.27"]

1. d4 Nf6 2. Nc3 d5 3. Bf4 a6 4. e3 c5 5. Nf3 Nc6 6. a3 Bg4 7. Be2 e6 8. Ne5
Bxe2 9. Nxe2 cxd4 10. Nxd4 Nxe5 11. Bxe5 Bd6 12. Bxf6 Qxf6 13. Qf3 Qg6 14. O-O
O-O 15. c3 Rac8 16. Rfd1 Rc4 17. Rd2 Rfc8 18. Rad1 h6 19. Ne2 b5 20. Ng3 Bxg3
21. hxg3 a5 22. Rd4 b4 23. Rxc4 Rxc4 24. cxb4 axb4 25. b3 Rc3 26. axb4 Rxb3 27.
Rd4 Qb1+ 28. Kh2 Rxb4 29. Rxb4 Qxb4 30. Qd1 Qb2 31. f3 Qe5 32. Qc1 h5 33. Qc8+
Kh7 34. Qc2+ g6 35. Qf2 Qf5 36. Qb2 Qg5 37. Qb7 Kg7 38. Qb2+ Qf6 39. Qd2 Qe5 40.
Qf2 Qc3 41. Qe2 e5 42. f4 e4 43. Qf2 Qf6 44. Qd2 Qf5 45. Qd4+ Kh7 46. Kg1 Qe6
47. Kh2 Qc6 48. Qe5 Qe6 49. Qd4 Kg8 50. Kg1 Kf8 51. Qc5+ Kg7 52. Qd4+ f6 53.
Qa7+ Qf7 54. Qd4 Qd7 55. Kh2 Kf7 56. Qc5 Ke6 57. Qb6+ Kf5 58. Qd4 g5 59. Qd2 Kg6
60. Qd4 Qf5 61. Qa4 Qe6 62. Qb5 h4 63. gxh4 gxh4 64. Qe2 Qf5 65. Qd1 Qh5 66. Qd4
Qf5 67. Qd1 Qd7 68. Qd4 Qc6 69. Qd1 Qe6 70. Qd4 Kf7 71. Qd1 Qc6 72. Qh5+ Ke7 73.
Qxh4 Qc3 74. Qh7+ Kd6 75. Qh3 Kc5 76. Qc8+ Kb4 77. Qxc3+ Kxc3 78. Kg3 d4 79.
exd4 e3 80. Kf3 Kd2 81. d5 e2 82. d6 e1=Q 83. d7 Qe7 84. Kg4 Qxd7+ 85. Kh5 Qf5+
86. Kh4 Qxf4+ 87. g4 Qh2# 0-1

[Event "Titled Tue 27th May Early"]
[Site "chess.com INT"]
[Date "2025.05.27"]
[Round "4"]
[White "Khamdamova, Afruza"]
[Black "Zhauynbay, Alimzhan"]
[Result "1/2-1/2"]
[WhiteTitle "WIM"]
[BlackTitle "CM"]
[WhiteElo "2344"]
[BlackElo "2077"]
[WhiteFideId "14210444"]
[BlackFideId "13782657"]
[EventDate "2025.05.27"]

1. e4 c5 2. Nf3 d6 3. d4 cxd4 4. Nxd4 Nf6 5. Nc3 a6 6. Be3 e5 7. Nb3 Be6 8. Be2
Be7 9. Nd5 Nxd5 10. exd5 Bf5 11. Qd2 Nd7 12. Na5 Qc7 13. Nc4 O-O 14. g4 Be4 15.
f3 Bxf3 16. Bxf3 Qxc4 17. Be2 Qe4 18. O-O-O Nf6 19. Rhg1 Nxd5 20. Bf2 Nf4 21.
Rde1 Bg5 22. Be3 Qa4 23. Kb1 h6 24. Qxd6 Rac8 25. b3 Qa5 26. Bc4 b5 27. Bxf4
Bxf4 28. Bd3 e4 29. Qxf4 exd3 30. cxd3 Qc3 31. Rd1 Qc2+ 32. Ka1 a5 33. g5 hxg5
34. Qxg5 Qc3+ 35. Kb1 a4 36. d4 g6 37. Qd2 Qc6 38. d5 Qd7 39. b4 Qf5+ 40. Qd3
Qf6 41. d6 Rc4 42. a3 Rc3 43. Qd4 Qf5+ 44. Ka1 Rxa3+ 45. Kb2 Rb3+ 46. Ka1 Qc2
47. Rg3 Rxb4 48. Qxb4 Qxd1+ 49. Ka2 Qc2+ 50. Qb2 Qc4+ 51. Ka1 Qd5 52. Rh3 f6 53.
d7 Qxd7 54. Rg3 Kg7 55. Qc2 g5 56. Qb2 Qd1+ 57. Ka2 a3 58. Rxg5+ Kf7 59. Qxb5
Qc2+ 60. Kxa3 Ra8+ 61. Kb4 Qb2+ 62. Kc4 Qxb5+ 63. Rxb5 Ra2 64. h4 Kg6 65. Kd4
Ra4+ 66. Ke3 Rxh4 67. Kf3 Ra4 68. Kg3 f5 69. Kf3 Kg5 70. Rb3 Rh4 71. Kg3 f4+ 72.
Kg2 Kg4 73. Rb8 f3+ 74. Kf1 Rh1+ 75. Kf2 Rh2+ 76. Kf1 Ra2 77. Rg8+ Kf4 78. Rf8+
Kg3 79. Rg8+ Kf4 80. Rf8+ Kg3 81. Rg8+ Kf4 1/2-1/2

[Event "Titled Tue 27th May Early"]
[Site "chess.com INT"]
[Date "2025.05.27"]
[Round "4"]
[White "Gasparyan, Erik R."]
[Black "Centron Antuna, Daniel"]
[Result "1-0"]
[WhiteTitle "IM"]
[BlackTitle "FM"]
[WhiteElo "2372"]
[BlackElo "2290"]
[WhiteFideId "13315730"]
[BlackFideId "22288694"]
[EventDate "2025.05.27"]

1. Nf3 d5 2. b3 c5 3. e3 Nf6 4. Bb2 Nc6 5. Be2 Bg4 6. O-O e6 7. d4 Rc8 8. Nbd2
Bd6 9. c4 O-O 10. cxd5 Nxd5 11. Nc4 Be7 12. dxc5 Bxc5 13. Rc1 Be7 14. h3 Bh5 15.
Nd4 Bxe2 16. Qxe2 Nxd4 17. Bxd4 Bf6 18. Qd2 a6 19. Rfd1 Qe7 20. Bxf6 Nxf6 21.
Qd6 Rfe8 22. Qxe7 Rxe7 23. Nd6 Rd8 24. Nxb7 Rxd1+ 25. Rxd1 Nd5 26. Nc5 g5 27.
Rd2 a5 28. Kf1 Rc7 29. Ne4 Rc1+ 30. Ke2 h6 31. Rb2 f5 32. Nd2 Nc3+ 33. Kd3 Nd1
34. Rb1 Nxf2+ 35. Ke2 Rxb1 36. Nxb1 Ne4 37. Kd3 Kf7 38. Nd2 Nd6 39. Nc4 Nb7 40.
Kd4 Kf6 41. a3 f4 42. e4 h5 43. e5+ Kg6 44. b4 axb4 45. axb4 g4 46. hxg4 hxg4
47. Ke4 Kg5 48. Nd6 Nd8 49. b5 f3 50. gxf3 g3 51. Ke3 Kh4 52. Ne4 Kh3 53. Ng5+
Kh2 54. f4 g2 55. Nf3+ Kg3 56. Ke4 Kg4 57. Ng1 Nb7 58. b6 Nc5+ 59. Kd4 Nb7 60.
Kd3 Kxf4 61. Kd4 Nd8 62. Ne2+ Kf3 63. Ng1+ Kf2 64. Nh3+ Kg3 65. Ng1 Kf4 66. Ne2+
Kf5 67. Ng3+ Kg5 68. Ne2 Kg4 69. Kc5 Kf5 70. Kd6 Nb7+ 71. Kc7 Na5 72. Ng1 Nc4
73. b7 Nxe5 74. b8=Q Ke4 75. Qf8 Ke3 76. Qf6 Nd3 77. Qxe6+ Kf2 78. Nh3+ Kg3 79.
Qe3+ Kh2 80. Qxd3 Kh1 81. Qg3 g1=Q 82. Qxg1# 1-0

[Event "Titled Tue 27th May Early"]
[Site "chess.com INT"]
[Date "2025.05.27"]
[Round "4"]
[White "Smirnova, Ekaterina"]
[Black "Grot, Blazej"]
[Result "0-1"]
[WhiteTitle "WIM"]
[BlackTitle "CM"]
[WhiteElo "2096"]
[BlackElo "2217"]
[WhiteFideId "4110943"]
[BlackFideId "21835845"]
[EventDate "2025.05.27"]

1. d4 Nf6 2. c4 e6 3. Nf3 d5 4. Nc3 Bb4 5. cxd5 exd5 6. Bg5 O-O 7. e3 h6 8. Bxf6
Qxf6 9. Bd3 c5 10. O-O Be6 11. dxc5 Bxc5 12. Nb5 Nc6 13. Nbd4 Nxd4 14. Nxd4 Bxd4
15. exd4 Rfe8 16. Re1 Rac8 17. Qd2 b6 18. Rac1 Kh8 19. Bb1 Rxc1 20. Rxc1 Bf5 21.
Bxf5 Qxf5 22. h3 Kg8 23. a4 Qd7 24. a5 Qb5 25. axb6 axb6 26. Qc3 Re6 27. b3 Qe2
28. Qc8+ Kh7 29. Qc2+ Qxc2 30. Rxc2 Re1+ 31. Kh2 Rb1 32. Rc3 f6 33. Kg3 Kg6 34.
Kf4 Rb2 35. Ke3 h5 36. h4 Kf5 37. Kf3 g5 38. g3 gxh4 39. gxh4 Rb1 40. Rd3 Rh1
41. Kg3 Rg1+ 42. Kh3 Ke4 43. Rc3 Kxd4 44. Rc6 Ke5 45. Rxb6 d4 46. Kh2 Rg4 47. f3
Rxh4+ 48. Kg3 Rh1 49. Kf2 Rh2+ 50. Kg3 Rb2 51. b4 d3 52. Rb8 Kd4 53. b5 d2 54.
b6 Ke3 55. Re8+ Kd3 56. Rd8+ Ke2 57. Re8+ Kd1 58. Re6 Kc1 59. Rc6+ Rc2 60. b7
d1=Q 61. Rxc2+ Kxc2 62. b8=Q Qg1+ 63. Kh3 Qg5 64. Qc7+ Kd1 65. Qd6+ Ke2 66. Qh2+
Kxf3 67. Qh1+ Kf4 68. Qc1+ Kf5 69. Qc2+ Ke6 70. Qc6+ Kf7 71. Qd7+ Kg6 72. Qe8+
Kf5 73. Qd7+ Ke5 74. Qc7+ Ke4 75. Qc2+ Ke3 76. Qc1+ Kd4 77. Qd1+ Kc5 78. Qc2+
Kd6 79. Qd3+ Qd5 80. Qa3+ Ke6 81. Qe3+ Qe5 82. Qb6+ Kf5 83. Qb1+ Qe4 84. Qf1+
Kg6 85. Qg1+ Kh6 86. Qc1+ Kg7 87. Qc7+ Kg6 0-1

[Event "Titled Tue 27th May Early"]
[Site "chess.com INT"]
[Date "2025.05.27"]
[Round "5"]
[White "Chiappero, Julio Alfredo"]
[Black "Mizzi, Jack"]
[Result "0-1"]
[WhiteTitle "FM"]
[BlackTitle "CM"]
[WhiteElo "2238"]
[BlackElo "2086"]
[WhiteFideId "139998"]
[BlackFideId "5602521"]
[EventDate "2025.05.27"]

1. d4 Nf6 2. c4 e6 3. Nc3 Bb4 4. f3 Bxc3+ 5. bxc3 d5 6. e3 b6 7. cxd5 exd5 8.
Bd3 Bb7 9. Ne2 O-O 10. O-O Qe7 11. g4 c5 12. Ng3 Nc6 13. Ba3 Qxe3+ 14. Kg2 c4
15. Nf5 Qxd3 16. Bxf8 Qxd1 17. Raxd1 Kxf8 18. Rde1 Re8 19. Rxe8+ Nxe8 20. Re1 g6
21. Rxe8+ Kxe8 22. Nd6+ Kd7 23. Nxb7 Kc7 0-1

[Event "Titled Tue 27th May Early"]
[Site "chess.com INT"]
[Date "2025.05.27"]
[Round "5"]
[White "Puzyrevsky, Semyon"]
[Black "Demchenko, Yaroslav"]
[Result "1-0"]
[WhiteTitle "FM"]
[BlackTitle "CM"]
[WhiteElo "2253"]
[BlackElo "2286"]
[WhiteFideId "24240931"]
[BlackFideId "14186667"]
[EventDate "2025.05.27"]

1. d4 e6 2. Nc3 d5 3. e4 Bb4 4. e5 Ne7 5. a3 Bxc3+ 6. bxc3 c5 7. Qg4 Qc7 8. Qxg7
Rg8 9. Qxh7 cxd4 10. Ne2 dxc3 11. Qd3 Nbc6 12. f4 Bd7 13. h4 Nf5 14. h5 O-O-O
15. h6 f6 16. h7 Rh8 17. g4 fxe5 18. gxf5 e4 19. Qxc3 exf5 20. Be3 Be6 21. Nd4
Bd7 22. Nb5 Qa5 23. Nxa7+ 1-0

[Event "Titled Tue 27th May Early"]
[Site "chess.com INT"]
[Date "2025.05.27"]
[Round "5"]
[White "Szpar, Milosz"]
[Black "Brezis, Ari"]
[Result "1-0"]
[WhiteTitle "IM"]
[BlackTitle "CM"]
[WhiteElo "2475"]
[BlackElo "2188"]
[WhiteFideId "1184989"]
[BlackFideId "2858541"]
[EventDate "2025.05.27"]

1. e4 e6 2. d4 d5 3. Nc3 Bb4 4. e5 Ne7 5. a3 Bxc3+ 6. bxc3 c5 7. Qg4 O-O 8. Bd3
Nf5 9. Nf3 Nc6 10. Qh3 h6 11. g4 Nfe7 12. Bxh6 gxh6 13. Qxh6 Ng6 14. Ng5 1-0

[Event "Titled Tue 27th May Early"]
[Site "chess.com INT"]
[Date "2025.05.27"]
[Round "5"]
[White "Piddubna, Bozhena"]
[Black "Vera Gonzalez-Quevedo, Reynaldo"]
[Result "1-0"]
[WhiteTitle "WFM"]
[BlackTitle "GM"]
[WhiteElo "2174"]
[BlackElo "2299"]
[WhiteFideId "34109293"]
[BlackFideId "3500055"]
[EventDate "2025.05.27"]

1. d4 d5 2. c4 e6 3. Nf3 c6 4. g3 Nd7 5. Bg2 dxc4 6. O-O b5 7. b3 cxb3 8. axb3
Bb7 9. Nc3 a6 10. Ne4 c5 11. Nfg5 Qb6 12. dxc5 Bxc5 13. Nxf7 Kf8 14. Qxd7 1-0

[Event "Titled Tue 27th May Early"]
[Site "chess.com INT"]
[Date "2025.05.27"]
[Round "5"]
[White "Aarav Sinha"]
[Black "Mohamed, Anees M"]
[Result "1-0"]
[WhiteTitle "FM"]
[BlackTitle "FM"]
[WhiteElo "2255"]
[BlackElo "2414"]
[WhiteFideId "25674064"]
[BlackFideId "35065815"]
[EventDate "2025.05.27"]

1. e4 d6 2. d4 Nf6 3. Nc3 e5 4. Nf3 Nbd7 5. g4 d5 6. Nxe5 Nxe5 7. dxe5 Nxg4 8.
Qxd5 Qh4 9. Bb5+ c6 10. Bxc6+ bxc6 11. Qxc6+ Kd8 12. Bg5+ Qxg5 13. Rd1+ Ke7 14.
Nd5+ Kd8 15. Nf6+ Ke7 16. Rd7+ Bxd7 17. Qxd7# 1-0

[Event "Titled Tue 27th May Early"]
[Site "chess.com INT"]
[Date "2025.05.27"]
[Round "5"]
[White "Duarte Cramer, Lily Jeanette"]
[Black "Vyom Malhotra"]
[Result "0-1"]
[WhiteTitle "WCM"]
[BlackTitle "CM"]
[WhiteElo "1828"]
[BlackElo "1975"]
[WhiteFideId "29620180"]
[BlackFideId "33383561"]
[EventDate "2025.05.27"]

1. d4 Nf6 2. c4 e6 3. Nc3 Bb4 4. Qc2 Nc6 5. a3 Nxd4 6. Qd2 Nb3 7. Qd3 Bxc3+ 8.
Qxc3 Nxa1 9. b4 d5 10. c5 O-O 11. Qxa1 Ne4 12. Bb2 Qg5 13. Nf3 Qh6 14. g4 e5 15.
Bxe5 Bxg4 16. Rg1 f6 17. Rxg4 fxe5 18. Nxe5 Qd2# 0-1

[Event "Titled Tue 27th May Early"]
[Site "chess.com INT"]
[Date "2025.05.27"]
[Round "5"]
[White "Osiecki, Stanislaw"]
[Black "Lopez Abreu, Michel Samuel"]
[Result "0-1"]
[WhiteTitle "FM"]
[BlackTitle "FM"]
[WhiteElo "1944"]
[BlackElo "2038"]
[WhiteFideId "1102990"]
[BlackFideId "3927903"]
[EventDate "2025.05.27"]

1. e4 e6 2. d4 d5 3. e5 c5 4. c3 Nc6 5. Nf3 Nge7 6. Bd3 Nf5 7. Bxf5 exf5 8. dxc5
Bxc5 9. O-O O-O 10. h4 Re8 11. Re1 d4 12. cxd4 Nxd4 13. Nxd4 Qxd4 14. Qe2 Rxe5
15. Qxe5 Qxf2+ 16. Kh1 Qxh4+ 0-1

[Event "Titled Tue 27th May Early"]
[Site "chess.com INT"]
[Date "2025.05.27"]
[Round "5"]
[White "Gubatayev, Ahmet"]
[Black "Huseynova, Lala"]
[Result "1-0"]
[WhiteTitle "CM"]
[BlackTitle "WFM"]
[WhiteElo "2191"]
[BlackElo "2123"]
[WhiteFideId "14004526"]
[BlackFideId "13431781"]
[EventDate "2025.05.27"]

1. Nf3 d5 2. d4 Nf6 3. g3 c6 4. Bg2 Bf5 5. O-O e6 6. c4 Be7 7. Nc3 O-O 8. Qb3
Qb6 9. c5 Qc7 10. Bf4 Qc8 11. Qd1 Nbd7 12. b4 Ne4 13. Rc1 Ndf6 14. Nh4 Nxc3 15.
Rxc3 Ne4 16. Nxf5 exf5 17. Rc1 g5 18. Be3 f4 19. gxf4 Qf5 20. f3 Nf6 21. fxg5
Nd7 22. f4 Rae8 23. Rf3 f6 24. Bh3 Qg6 1-0

[Event "Titled Tue 27th May Early"]
[Site "chess.com INT"]
[Date "2025.05.27"]
[Round "5"]
[White "Koridze, Lile"]
[Black "Cernov, Henrik"]
[Result "0-1"]
[WhiteTitle "WFM"]
[BlackTitle "FM"]
[WhiteElo "2110"]
[BlackElo "2325"]
[WhiteFideId "13612514"]
[BlackFideId "16258312"]
[EventDate "2025.05.27"]

1. d4 Nf6 2. c4 Nc6 3. Nc3 e5 4. e3 Bb4 5. Nf3 Bxc3+ 6. bxc3 Qe7 7. Be2 O-O 8.
O-O d6 9. h3 Bf5 10. Ba3 Rfd8 11. Qb3 Rab8 12. c5 Ne4 13. cxd6 cxd6 14. dxe5
Nxe5 15. Nd4 Bg6 16. f4 Nd2 17. Qd1 Nxf1 18. fxe5 Nxe3 19. Bxd6 Qg5 0-1

[Event "Titled Tue 27th May Early"]
[Site "chess.com INT"]
[Date "2025.05.27"]
[Round "5"]
[White "Buscar, Michael"]
[Black "Butti, Enrique"]
[Result "1-0"]
[BlackTitle "CM"]
[WhiteElo "2016"]
[BlackElo "1998"]
[WhiteFideId "2603616"]
[BlackFideId "3700470"]
[EventDate "2025.05.27"]

1. d4 Nf6 2. c4 e6 3. Nc3 c5 4. e3 d5 5. Nf3 Nc6 6. a3 a6 7. dxc5 Bxc5 8. b4 Bd6
9. Bb2 O-O 10. cxd5 exd5 11. Be2 Re8 12. O-O Bc7 13. b5 Na5 14. Qd4 Bg4 15. Rfd1
Bb6 16. Qf4 Qd7 17. Ne5 Rxe5 18. Qxe5 Bc7 1-0

[Event "Titled Tue 27th May Early"]
[Site "chess.com INT"]
[Date "2025.05.27"]
[Round "5"]
[White "Nakonechnyi, Oleksii"]
[Black "Nagare Kaivalya Sandip"]
[Result "0-1"]
[WhiteTitle "CM"]
[BlackTitle "FM"]
[WhiteElo "2224"]
[BlackElo "2321"]
[WhiteFideId "34173714"]
[BlackFideId "25957929"]
[EventDate "2025.05.27"]

1. e4 c5 2. Nf3 d6 3. c3 Nf6 4. h3 Nc6 5. Bd3 e5 6. O-O g5 7. Nh2 h5 8. Qe2 Rg8
9. Bb5 g4 10. h4 Bd7 11. d3 Be7 12. Bg5 Nh7 13. Bxe7 Qxe7 14. Bxc6 Bxc6 15. g3
O-O-O 16. c4 Nf8 17. Nc3 Ne6 18. Qe3 Nd4 19. Rac1 f5 20. exf5 Nxf5 21. Qe2 Nxh4
22. gxh4 g3 23. Nf3 Bxf3 24. Qxf3 Qxh4 25. fxg3 Rxg3+ 26. Qxg3 Qxg3+ 27. Kh1
Qh3+ 28. Kg1 Qg3+ 29. Kh1 Rg8 30. Nd5 Qg2# 0-1

[Event "Titled Tue 27th May Early"]
[Site "chess.com INT"]
[Date "2025.05.27"]
[Round "5"]
[White "Vasquez Schroeder, Rodrigo"]
[Black "Tifferet, Shakked"]
[Result "0-1"]
[WhiteTitle "GM"]
[BlackTitle "FM"]
[WhiteElo "2446"]
[BlackElo "2332"]
[WhiteFideId "3400042"]
[BlackFideId "2811529"]
[EventDate "2025.05.27"]

1. e4 c5 2. Nf3 b6 3. d4 cxd4 4. Nxd4 Bb7 5. Bd3 Nc6 6. Be3 g6 7. Nc3 Bg7 8.
Nde2 Ne5 9. f4 Nxd3+ 10. cxd3 Nf6 11. Bd4 O-O 12. O-O d6 13. h3 d5 14. e5 Nd7
15. b4 Re8 16. Qd2 f6 17. exf6 exf6 18. Nb5 Nf8 19. Rac1 Ne6 20. Bb2 a6 21. Nbd4
Rc8 22. Nxe6 Rxe6 23. Nd4 Re8 24. f5 Rxc1 25. Rd1 Rxd1+ 26. Qxd1 Bc8 0-1

[Event "Titled Tue 27th May Early"]
[Site "chess.com INT"]
[Date "2025.05.27"]
[Round "5"]
[White "Dominguez, Ramiro"]
[Black "Kriti, Mayur Patel"]
[Result "1-0"]
[WhiteTitle "FM"]
[BlackTitle "WCM"]
[WhiteElo "2185"]
[BlackElo "1695"]
[WhiteFideId "4420055"]
[BlackFideId "35061780"]
[EventDate "2025.05.27"]

1. e4 e5 2. Nf3 Nc6 3. Bc4 Nf6 4. d3 Bc5 5. O-O d6 6. h3 O-O 7. a4 a6 8. Be3 h6
9. Nc3 Be6 10. Ba2 Ba7 11. d4 exd4 12. Nxd4 Nxd4 13. Bxd4 Bxd4 14. Qxd4 Bxa2 15.
Rxa2 Re8 16. Raa1 Qe7 17. Rae1 Qe5 18. Qc4 c6 19. f4 Qh5 20. Qb4 d5 21. e5 Ne4
22. Nxe4 dxe4 23. Qxe4 Rad8 24. Rf2 Qh4 25. f5 Qg3 26. e6 fxe6 27. fxe6 Rd6 28.
e7 Rd7 29. Rf8+ Rxf8 30. exf8=Q+ Kxf8 31. Qe8# 1-0

[Event "Titled Tue 27th May Early"]
[Site "chess.com INT"]
[Date "2025.05.27"]
[Round "5"]
[White "Mafra, Kaiser Luiz"]
[Black "Ambrogi, Agustin"]
[Result "0-1"]
[WhiteTitle "CM"]
[BlackTitle "FM"]
[WhiteElo "2094"]
[BlackElo "2237"]
[WhiteFideId "2106698"]
[BlackFideId "170933"]
[EventDate "2025.05.27"]

1. e4 c5 2. d4 cxd4 3. c3 dxc3 4. Nxc3 Nc6 5. Nf3 d6 6. Bc4 a6 7. Qb3 e6 8. Bf4
Na5 9. Qc2 Nxc4 10. Qa4+ b5 11. Nxb5 axb5 12. Qxa8 Qa5+ 13. Qxa5 Nxa5 14. O-O-O
Nb7 15. Nd4 Bd7 16. e5 d5 17. Kb1 Bc5 18. Nb3 Bxf2 19. Rd2 Bb6 20. h4 Ne7 21.
Bg5 h6 22. Bf4 h5 23. Rc1 O-O 24. Nd4 Nc5 25. Be3 Ne4 26. Rdc2 Rb8 27. Nf5 Nxf5
28. Bxb6 Rxb6 29. Rc7 Be8 30. Rc8 Kf8 31. R1c7 Ne7 32. Ra8 Rc6 33. Rb7 Nd2+ 34.
Ka1 Rc1# 0-1

[Event "Titled Tue 27th May Early"]
[Site "chess.com INT"]
[Date "2025.05.27"]
[Round "5"]
[White "Nugroho, Angel Ruth"]
[Black "Brenke, Andreas"]
[Result "0-1"]
[WhiteTitle "WCM"]
[BlackTitle "FM"]
[WhiteElo "1907"]
[BlackElo "2349"]
[WhiteFideId "7111975"]
[BlackFideId "4602900"]
[EventDate "2025.05.27"]

1. d4 d5 2. Nf3 Nf6 3. Bf4 c5 4. e3 Nc6 5. Nbd2 Bg4 6. c3 e6 7. h3 Bh5 8. Bd3
Bd6 9. Bxd6 Qxd6 10. O-O O-O 11. Qc2 Rac8 12. dxc5 Qxc5 13. Nb3 Qd6 14. Nfd4 Nb4
15. Qd2 Nxd3 16. Qxd3 e5 17. Nf5 Qe6 18. Ng3 Bg6 19. Qd2 Rfd8 20. Rad1 h6 21.
Qe2 a6 22. Rfe1 b5 23. Rd2 Qb6 24. Kh2 a5 25. f3 b4 26. cxb4 Qxb4 27. f4 exf4
28. Rd4 Rc4 29. Rxf4 Rxf4 30. exf4 Qxf4 31. Rf1 Qd6 32. Nd4 Ne4 33. Rf3 Bh5 0-1

[Event "Titled Tue 27th May Early"]
[Site "chess.com INT"]
[Date "2025.05.27"]
[Round "5"]
[White "Hiwale, Ronak"]
[Black "Uzdemir, Ali Poyraz"]
[Result "1-0"]
[BlackTitle "CM"]
[WhiteElo "2105"]
[BlackElo "2108"]
[WhiteFideId "30975336"]
[BlackFideId "51619733"]
[EventDate "2025.05.27"]

1. Nf3 Nf6 2. g3 g6 3. Bg2 Bg7 4. O-O O-O 5. d3 d5 6. Nc3 c5 7. e4 Nc6 8. Re1
Bg4 9. exd5 Nxd5 10. Nxd5 Qxd5 11. h3 Bxf3 12. Bxf3 Qd7 13. c3 Rad8 14. Be2 Ne5
15. Be3 Qxh3 16. Bxc5 Qd7 17. d4 Nc6 18. Bf3 Rfe8 19. Qb3 e5 20. d5 Ne7 21. Bxa7
f5 22. d6+ 1-0

[Event "Titled Tue 27th May Early"]
[Site "chess.com INT"]
[Date "2025.05.27"]
[Round "5"]
[White "Tekeyev, Zaur"]
[Black "Zozek Salah Mohammed"]
[Result "1-0"]
[WhiteTitle "IM"]
[BlackTitle "FM"]
[WhiteElo "2417"]
[BlackElo "2205"]
[WhiteFideId "4199731"]
[BlackFideId "4803361"]
[EventDate "2025.05.27"]

1. e4 d5 2. exd5 Qxd5 3. Nc3 Qd8 4. d4 Nf6 5. Nf3 a6 6. Bg5 Nbd7 7. Bc4 e6 8.
O-O Be7 9. a4 O-O 10. a5 c5 11. dxc5 Nxc5 12. Qe2 Bd7 13. b4 h6 14. Bc1 Rc8 15.
bxc5 Bxc5 16. Bd3 Bxf2+ 17. Qxf2 Rxc3 18. Bb2 Rc8 19. Ne5 Nd5 20. Qg3 f5 21. h4
Bb5 22. c4 Nb4 23. cxb5 Nxd3 24. Nxd3 1-0

[Event "Titled Tue 27th May Early"]
[Site "chess.com INT"]
[Date "2025.05.27"]
[Round "5"]
[White "Fragkos, Vasileios"]
[Black "Keneshbekov, Elim"]
[Result "1-0"]
[WhiteTitle "CM"]
[BlackTitle "CM"]
[WhiteElo "2176"]
[BlackElo "1867"]
[WhiteFideId "25832646"]
[BlackFideId "13816772"]
[EventDate "2025.05.27"]

1. b3 Nf6 2. Bb2 g6 3. d4 Bg7 4. Nc3 d5 5. Qd2 O-O 6. O-O-O c5 7. e3 Nc6 8. f3
Qa5 9. Kb1 Be6 10. g4 Rfc8 11. Nge2 b5 12. dxc5 Rab8 13. Nd4 b4 14. Na4 Bd7 15.
h4 Nxd4 16. exd4 Bxa4 17. bxa4 Qxa4 18. h5 Nd7 19. Qh2 Nxc5 20. hxg6 hxg6 21.
dxc5 1-0